Central Library OPAC University of Rajshahi

ভারতের ইতিহাসকথা / (Record no. 57360)

MARC details
000 -LEADER
fixed length control field 01206nam a2200253 a 4500
001 - CONTROL NUMBER
control field 57360
003 - CONTROL NUMBER IDENTIFIER
rucl marc code BD-RjUL
005 - DATE AND TIME OF LATEST TRANSACTION
control field 20211209080511.0
008 - FIXED-LENGTH DATA ELEMENTS--GENERAL INFORMATION
fixed length control field 161208s1987 ii a|||| |||| 00| 0 ben d
035 ## - SYSTEM CONTROL NUMBER
System control number (BD-RjUL) 57484
040 ## - CATALOGING SOURCE
Original cataloging agency BD-RjUL
Language of cataloging eng
Transcribing agency BD-RjUL
041 ## - LANGUAGE CODE
Language code of text/sound track or separate title eng
082 ## - DEWEY DECIMAL CLASSIFICATION NUMBER
Edition number 23
Classification number 954
Author mark and year CHV 1987
100 ## - MAIN ENTRY--PERSONAL NAME
Personal name চৌধুরী, কিরণচন্দ্র
9 (RLIN) 117167
245 10 - TITLE STATEMENT
Title ভারতের ইতিহাসকথা /
Statement of responsibility, etc. কিরণচন্দ্র চৌধুরী ।
250 ## - EDITION STATEMENT
Edition statement ৭ম সং.
260 ## - PUBLICATION, DISTRIBUTION, ETC. (IMPRINT)
Place of publication, distribution, etc. কলিকাতা :
Name of publisher, distributor, etc. মডার্ণ বুক এজেন্সী প্রাইভেট লিমিটেড,
Date of publication, distribution, etc. ১৯৮৭
300 ## - PHYSICAL DESCRIPTION
Pagination ৫০৪ পৃ. :
Illustrations মানচিত্র ;
Size ২২ সেমি.
490 ## - SERIES STATEMENT
Series statement দ্বিবার্ষিক স্নাতক সংস্করণ, দ্বীতিয় পত্র ১৭০৭-১৯৫০
650 ## - SUBJECT ADDED ENTRY--TOPICAL TERM
Topical term or geographic name as entry element ভারত
Form subdivision ইতিহাস
9 (RLIN) 117168
Topical term or geographic name as entry element India
Form subdivision History.
9 (RLIN) 117169
856 ## - ELECTRONIC LOCATION AND ACCESS
Materials specified দ্বিবার্ষিক স্নাতক সংস্করণ, দ্বীতিয় পত্র ১৭০৭-১৯৫০
942 ## - ADDED ENTRY ELEMENTS (KOHA)
Source of classification or shelving scheme Dewey Decimal Classification
Koha item type Books
Holdings
Lost status Source of classification or shelving scheme Damaged status Not for loan Collection code Permanent Location Current Location Shelving location Date acquired Source of acquisition Cost, normal purchase price Total Checkouts Full call number Date last seen Copy number Koha item type
  Dewey Decimal Classification   Not For Loan Non-fiction Central Library, University of Rajshahi Central Library, University of Rajshahi Reading Room 08/03/1998 Aligarh library, Rajshahi 112.00   B 954 CHV 1987 08/12/2016 C-1 Books